Catálogo
 En Linea

How to get a better ESL pronunciation for Spanish speakers = Como conseguir una mejor pronunciación inglesa como segundo idioma para hispanos / (Registro nro. 16181)

Detalles MARC
000 -CABECERA
campo de control de longitud fija 00920nam a2200229 a 4500
001 - NÚMERO DE CONTROL
campo de control 000016648
005 - FECHA Y HORA DE LA ÚLTIMA TRANSACCIÓN
campo de control 20250210102025.0
008 - DATOS DE LONGITUD FIJA--INFORMACIÓN GENERAL
campo de control de longitud fija 100308s2003 dr 000 0 spa d
020 ## - NÚMERO INTERNACIONAL ESTÁNDAR DEL LIBRO
Número Internacional Estándar del Libro 9993403474
040 ## - FUENTE DE LA CATALOGACIÓN
Centro catalogador/agencia de origen DO-SdBNP
Lengua de catalogación spa
Centro/agencia transcriptor BNPHU
041 17 - CÓDIGO DE LENGUA
Código de lengua del texto/banda sonora o título independiente spa
Fuente del código eng
082 ## - NÚMERO DE LA CLASIFICACIÓN DECIMAL DEWEY
Número de clasificación xxxx
Número de documento/Ítem L864h
049 ## - FONDOS LOCALES (OCLC)
Fondos de biblioteca BNPD
100 1# - ENTRADA PRINCIPAL--NOMBRE DE PERSONA
Nombre de persona López Familia, José Rafael
9 (RLIN) 594
245 10 - MENCIÓN DE TÍTULO
Título How to get a better ESL pronunciation for Spanish speakers = Como conseguir una mejor pronunciación inglesa como segundo idioma para hispanos /
Mención de responsabilidad, etc. José Rafael López Familia.
246 12 - FORMA VARIANTE DE TÍTULO
Título propio/Titulo breve Como conseguir una mejor pronunciación inglesa como segundo idioma para hispanos
260 ## - PUBLICACIÓN, DISTRIBUCIÓN, ETC.
Lugar de publicación, distribución, etc. Santo Domingo :
Nombre del editor, distribuidor, etc. De Colores,
Fecha de publicación, distribución, etc. 2003.
300 ## - DESCRIPCIÓN FÍSICA
Extensión 141 p. :
Otras características físicas il. ;
Dimensiones 21 cm.
500 ## - NOTA GENERAL
Nota general Incluye datos biográficos del autor en la contracubierta
500 ## - NOTA GENERAL
Nota general Reglas más fáciles de la pronunciación inglesa
504 ## - NOTA DE BIBLIOGRAFÍA, ETC.
Nota de bibliografía, etc. Incluye bibliografías (p. 140-141)
Existencias
Estado de retiro Estado de pérdida No para préstamo Código de colección Localización permanente Ubicación/localización actual Ubicación en estantería Fecha de adquisición Número de inventario Total de préstamos Signatura topográfica completa Código de barras Fecha visto por última vez Precio válido a partir de Tipo de ítem Koha Número de copia
    Excluido de préstamo Patrimonio Dominicano Patrimonio Dominicano Patrimonio Dominicano En catalogación 08.03.2010 LF1   xxxx L864h 16648-10 25.06.2020 25.06.2020 Libro y Folleto Colección Patrimonio Dominicano  
    Excluido de préstamo Patrimonio Dominicano Patrimonio Dominicano Patrimonio Dominicano En catalogación 08.03.2010 LF1   xxxx L864h 16648-20 25.06.2020 25.06.2020 Libro y Folleto Colección Patrimonio Dominicano e. 2

Con tecnología Koha